[Event "4NCL Division 1d"]
[Site "Telford, ENG"]
[Date "2019.05.06"]
[Round "11.58"]
[White "Walton, Alan J"]
[Black "Roy, Ali"]
[Result "1-0"]
[WhiteElo "2132"]
[BlackElo "1885"]
[PlyCount "71"]
[EventDate "2019.05.06"]
[WhiteTeam "3Cs 1"]
[BlackTeam "Alba"]

1. d4 d5 2. c4 e6 3. Nc3 Nf6 4. cxd5 exd5 5. Bg5 Be7 6. Qc2 O-O 7. e3 c6 8. Bd3
Nbd7 9. Nge2 Re8 10. f3 Nf8 11. O-O Nh5 12. Bxe7 Qxe7 13. e4 dxe4 14. fxe4 Nf6
15. Rae1 Bg4 16. e5 N6d7 17. Ng3 c5 18. Nce4 cxd4 19. Nd6 Nxe5 20. Nxe8 Rxe8
21. Bc4 Qd8 22. Qf2 Qd7 23. Bb5 Nc6 24. Rxe8 Qxe8 25. Bxc6 bxc6 26. Qxd4 Qd7
27. Rf4 Be6 28. Qxd7 Nxd7 29. Ra4 f5 30. Rxa7 Kf7 31. a4 Kf6 32. Nh5+ Kg6 33.
Nf4+ Kf6 34. Nxe6 Kxe6 35. a5 g5 36. a6 1-0

[Event "4NCL Division 1d"]
[Site "Telford, ENG"]
[Date "2019.05.06"]
[Round "11.61"]
[White "Ferrington, Nigel M"]
[Black "Cornette, Matthieu"]
[Result "0-1"]
[WhiteElo "2215"]
[BlackElo "2556"]
[PlyCount "60"]
[EventDate "2019.05.06"]
[WhiteTeam "North East England"]
[BlackTeam "Celtic Tigers 1"]

1. e4 c5 2. Nf3 Nc6 3. Bb5 e6 4. O-O Nge7 5. Re1 Nd4 6. Nxd4 cxd4 7. c3 a6 8.
Bf1 Nc6 9. cxd4 Nxd4 10. Nc3 Bc5 11. d3 O-O 12. Be3 d6 13. Rc1 e5 14. a3 a5 15.
Kh1 Be6 16. Ne2 Nb3 17. Rc3 Qb6 18. Bxc5 Nxc5 19. Qc2 Bb3 20. Qd2 Na4 21. f4
Nxc3 22. Nxc3 exf4 23. d4 Rac8 24. d5 Bc4 25. Bxc4 Rxc4 26. Re2 Qd4 27. Qxd4
Rxd4 28. h4 Re8 29. Rf2 f5 30. exf5 Re5 0-1

[Event "4NCL Division 1d"]
[Site "Telford, ENG"]
[Date "2019.05.06"]
[Round "11.62"]
[White "Szczepkowska, Karina"]
[Black "Taylor, Adam A"]
[Result "1/2-1/2"]
[WhiteElo "2431"]
[BlackElo "2252"]
[PlyCount "41"]
[EventDate "2019.05.06"]
[WhiteTeam "Celtic Tigers 1"]
[BlackTeam "North East England"]

1. d4 Nf6 2. c4 e6 3. Nf3 Bb4+ 4. Bd2 Qe7 5. g3 Nc6 6. Nc3 O-O 7. Bg2 d6 8. O-O
a5 9. a3 Bxc3 10. Bxc3 Ne4 11. Be1 e5 12. d5 Nb8 13. b4 Bd7 14. Qb1 f5 15. Nh4
Ng5 16. Nf3 Nxf3+ 17. Bxf3 f4 18. Bd2 Bh3 19. Rc1 Nd7 20. c5 Rae8 21. cxd6
1/2-1/2

[Event "4NCL Division 1d"]
[Site "Telford, ENG"]
[Date "2019.05.06"]
[Round "11.63"]
[White "Coathup, Roger H"]
[Black "Hoffmann, Hendrik"]
[Result "0-1"]
[WhiteElo "2207"]
[BlackElo "2258"]
[PlyCount "68"]
[EventDate "2019.05.06"]
[WhiteTeam "North East England"]
[BlackTeam "Celtic Tigers 1"]

1. c4 Nf6 2. d4 c6 3. Nc3 d5 4. cxd5 cxd5 5. Bf4 Nh5 6. Bxb8 Rxb8 7. e4 Nf6 8.
e5 Ne4 9. Bd3 Nxc3 10. bxc3 Qa5 11. Ne2 e6 12. O-O Be7 13. Qb3 O-O 14. a4 Bd7
15. f4 f5 16. Rfb1 h6 17. c4 Bc6 18. Nc3 Rfd8 19. cxd5 Bxd5 20. Bc4 Bxc4 21.
Qxc4 Rxd4 22. Qxe6+ Kh8 23. Qxe7 Qxc3 24. Ra3 Qc2 25. Rf1 Rbd8 26. Rg3 R4d7 27.
Qb4 Rd1 28. Rgf3 Rxf1+ 29. Rxf1 b6 30. Qe7 Rd2 31. Qb7 Qc5+ 32. Kh1 Rf2 33. Rg1
Rxf4 34. Qxa7 Re4 0-1

[Event "4NCL Division 1d"]
[Site "Telford, ENG"]
[Date "2019.05.06"]
[Round "11.64"]
[White "Reimanis, Ritvars"]
[Black "Dargan, Paul A G"]
[Result "1-0"]
[WhiteElo "2336"]
[BlackElo "2170"]
[PlyCount "72"]
[EventDate "2019.05.06"]
[WhiteTeam "Celtic Tigers 1"]
[BlackTeam "North East England"]

1. d4 Nf6 2. c4 e6 3. Nc3 Bb4 4. Qc2 O-O 5. Nf3 d5 6. cxd5 exd5 7. Bg5 h6 8.
Bh4 c5 9. e3 cxd4 10. Nxd4 Nc6 11. Nxc6 bxc6 12. Be2 g5 13. Bg3 Ne4 14. O-O
Bxc3 15. bxc3 Bf5 16. Qb2 Nxg3 17. hxg3 Qf6 18. Qa3 Rfb8 19. Rad1 Rb6 20. Rd4
Kg7 21. c4 Be6 22. c5 Rb7 23. Ba6 Rc7 24. Qa5 Qe7 25. Qc3 f6 26. Bd3 Bf7 27.
Re1 Bg6 28. Bxg6 Kxg6 29. e4 Re8 30. Re3 Qf7 31. exd5 Rxe3 32. Qxe3 cxd5 33.
Qd3+ Kg7 34. Rxd5 Re7 35. f3 Qe6 36. Kh2 h5 1-0

[Event "4NCL Division 1d"]
[Site "Telford, ENG"]
[Date "2019.05.06"]
[Round "11.66"]
[White "Maciol, Ryszard"]
[Black "Malola, Prasath.T.S"]
[Result "1-0"]
[WhiteElo "2165"]
[BlackElo "2087"]
[PlyCount "91"]
[EventDate "2019.05.06"]
[WhiteTeam "Celtic Tigers 1"]
[BlackTeam "North East England"]

1. d4 Nc6 2. Nf3 d6 3. e4 a6 4. d5 Ne5 5. Nxe5 dxe5 6. c4 Nf6 7. f3 g6 8. Be3
Bg7 9. Nc3 O-O 10. Qd2 Ne8 11. c5 Bd7 12. Bc4 b6 13. O-O bxc5 14. Bxc5 Nd6 15.
Bd3 Qb8 16. Rac1 f5 17. exf5 gxf5 18. Rc2 Rf6 19. Re1 Rg6 20. Kh1 Kh8 21. Qf2
Qb7 22. Bf1 Bf6 23. f4 e4 24. Bd4 Rag8 25. Bxf6+ Rxf6 26. Qd4 Rg4 27. g3 Kg8
28. Nd1 Rh6 29. Kg1 Kf7 30. Ne3 Rg8 31. Rec1 Rc8 32. Rc5 Rf6 33. Be2 Kg6 34.
Kh1 c6 35. g4 fxg4 36. Nxg4 cxd5 37. Nxf6 exf6 38. Rg1+ Kf7 39. Bh5+ Ke6 40.
Bg4+ Nf5 41. Bxf5+ Kxf5 42. Rxd5+ Ke6 43. f5+ Ke7 44. Rg7+ Ke8 45. Qxe4+ Kd8
46. Qe7+ 1-0

[Event "4NCL Division 1d"]
[Site "Telford, ENG"]
[Date "2019.05.06"]
[Round "11.67"]
[White "Oswald, Graeme E"]
[Black "Pedersen, Carsten"]
[Result "1-0"]
[WhiteElo "2153"]
[BlackElo "2122"]
[PlyCount "87"]
[EventDate "2019.05.06"]
[WhiteTeam "North East England"]
[BlackTeam "Celtic Tigers 1"]

1. d4 Nf6 2. c4 e6 3. Nc3 Bb4 4. Bg5 h6 5. Bh4 c5 6. d5 d6 7. e3 e5 8. Qc2
Bxc3+ 9. Qxc3 g5 10. Bg3 Ne4 11. Qa3 Qb6 12. Bd3 Nxg3 13. hxg3 Qb4+ 14. Qxb4
cxb4 15. f4 gxf4 16. gxf4 Nd7 17. Nf3 Nc5 18. Bc2 e4 19. Nd4 Bd7 20. a3 bxa3
21. Rxa3 Ke7 22. Kf2 f5 23. Rh5 Kf6 24. b4 Na6 25. Ba4 Bc8 26. Nc2 Nc7 27. Rh1
Rb8 28. Nd4 a6 29. b5 axb5 30. Bxb5 Na6 31. Rb1 Nc5 32. Ra7 Bd7 33. Bxd7 Nxd7
34. Raxb7 Rxb7 35. Rxb7 Nc5 36. Rb6 Rd8 37. g3 Rd7 38. Kg2 Nb7 39. Kh3 Kg6 40.
Kh4 Nc5 41. Nb5 Nb7 42. c5 Nxc5 43. Nxd6 Kh7 44. Nxf5 1-0

[Event "4NCL Division 1d"]
[Site "Telford, ENG"]
[Date "2019.05.06"]
[Round "11.68"]
[White "Quinn, John M"]
[Black "Smith, Lynda"]
[Result "1/2-1/2"]
[WhiteElo "2140"]
[BlackElo "1960"]
[PlyCount "57"]
[EventDate "2019.05.06"]
[WhiteTeam "Celtic Tigers 1"]
[BlackTeam "North East England"]

1. d4 f5 2. Bg5 g6 3. Nc3 Bg7 4. h4 d5 5. Qd2 Nf6 6. f3 h6 7. Bf4 a6 8. O-O-O
Nc6 9. e3 Be6 10. Nh3 Qd7 11. Kb1 b5 12. Bh2 Na7 13. Nf4 Bf7 14. Nd3 e6 15. g4
fxg4 16. Ne5 Qe7 17. Bd3 gxf3 18. Bxg6 Bxg6 19. Nxg6 Qf7 20. Nxh8 Bxh8 21. Rdf1
Ne4 22. Nxe4 dxe4 23. Qc3 e5 24. dxe5 O-O-O 25. Qc5 Kb7 26. a4 Rd5 27. Qb4 Qf5
28. axb5 Rxb5 29. Qc3 1/2-1/2

[Event "4NCL Division 1d"]
[Site "Telford, ENG"]
[Date "2019.05.06"]
[Round "11.71"]
[White "Zakarian, David"]
[Black "Fitzsimons, David"]
[Result "1/2-1/2"]
[WhiteElo "2341"]
[BlackElo "2299"]
[PlyCount "84"]
[EventDate "2019.05.06"]
[WhiteTeam "Oxford 1"]
[BlackTeam "Wood Green Monarchs"]

1. e4 e6 2. Qe2 d5 3. exd5 Qxd5 4. Nc3 Qd8 5. g3 c5 6. Bg2 Nf6 7. Nf3 Nc6 8.
O-O Be7 9. d3 O-O 10. Ne5 Nd4 11. Qd1 Qb6 12. a4 Rd8 13. Nc4 Qa6 14. Bg5 h6 15.
Bxf6 Bxf6 16. Ne4 Be7 17. c3 Nf5 18. Qb1 f6 19. Nxc5 Bxc5 20. b4 Bxb4 21. Qxb4
Rb8 22. d4 Bd7 23. Rfb1 Rdc8 24. Na5 b6 25. g4 Nh4 26. Qd6 Nxg2 27. Kxg2 Rd8
28. Nc6 Bxc6+ 29. Qxc6 Qe2 30. Qf3 Qxf3+ 31. Kxf3 Rbc8 32. Rb3 e5 33. a5 exd4
34. cxd4 Rxd4 35. axb6 axb6 36. h3 Rb8 37. Ra7 h5 38. Rc3 hxg4+ 39. hxg4 Rd5
40. Kg3 Ra5 41. Re7 Re5 42. Ra7 Ra5 1/2-1/2

[Event "4NCL Division 1d"]
[Site "Telford, ENG"]
[Date "2019.05.06"]
[Round "11.72"]
[White "Derakhshani, Borna"]
[Black "McKenna, Jason P"]
[Result "1-0"]
[WhiteElo "2316"]
[BlackElo "2125"]
[PlyCount "71"]
[EventDate "2019.05.06"]
[WhiteTeam "Wood Green Monarchs"]
[BlackTeam "Oxford 1"]

1. Nf3 g6 2. e3 Bg7 3. d4 Nf6 4. Be2 O-O 5. O-O d6 6. b3 c6 7. Bb2 Nbd7 8. c4
Re8 9. Nc3 e5 10. d5 c5 11. Nd2 e4 12. Qc2 Qe7 13. Rae1 h5 14. Nb5 Nf8 15. f3
exf3 16. Bxf3 a6 17. Nc3 Bg4 18. e4 N8d7 19. h3 Bxf3 20. Nxf3 Ne5 21. Nxe5 dxe5
22. Qf2 Rec8 23. Bc1 Ne8 24. d6 Nxd6 25. Nd5 Qd8 26. h4 Rc6 27. Bg5 f6 28. Bxf6
Bxf6 29. Nxf6+ Kg7 30. Qg3 Nf7 31. Nxh5+ Kg8 32. Qf3 Qd4+ 33. Kh2 Rf8 34. Nf6+
Kg7 35. Rd1 Qb2 36. Nd7 1-0

[Event "4NCL Division 1d"]
[Site "Telford, ENG"]
[Date "2019.05.06"]
[Round "11.73"]
[White "Stork, Oliver"]
[Black "Pein, Malcolm"]
[Result "1/2-1/2"]
[WhiteElo "2197"]
[BlackElo "2313"]
[PlyCount "83"]
[EventDate "2019.05.06"]
[WhiteTeam "Oxford 1"]
[BlackTeam "Wood Green Monarchs"]

1. c4 e6 2. Nf3 Nf6 3. Nc3 d5 4. e3 c5 5. cxd5 exd5 6. Bb5+ Bd7 7. Bxd7+ Nbxd7
8. O-O Be7 9. d4 O-O 10. b3 Rc8 11. Bb2 c4 12. bxc4 Rxc4 13. Ne5 Rb4 14. Nd3
Rc4 15. Ne5 Rb4 16. Nd3 Rc4 17. Qb3 Nb6 18. a4 a5 19. Rfc1 Bd6 20. Rc2 Bb8 21.
Qb5 Qd6 22. Ne5 Rfc8 23. Ba3 Qe6 24. Nxc4 Rxc4 25. Bc5 Nbd7 26. Qxb7 h5 27.
Rac1 Qf5 28. h3 h4 29. Qb1 Rxc5 30. dxc5 Qe5 31. c6 Nf8 32. Nb5 Qh2+ 33. Kf1
Ne4 34. c7 Bxc7 35. Nxc7 Qh1+ 36. Ke2 Qxg2 37. Kd3 Nd7 38. Nxd5 Ne5+ 39. Kd4
Nf3+ 40. Kd3 Ne5+ 41. Kd4 Nf3+ 42. Kd3 1/2-1/2

[Event "4NCL Division 1d"]
[Site "Telford, ENG"]
[Date "2019.05.06"]
[Round "11.74"]
[White "De Verdier, Michael"]
[Black "Manley, Jon P"]
[Result "1/2-1/2"]
[WhiteElo "2306"]
[BlackElo "2178"]
[PlyCount "49"]
[EventDate "2019.05.06"]
[WhiteTeam "Wood Green Monarchs"]
[BlackTeam "Oxford 1"]

1. Nf3 d5 2. e3 Nf6 3. c4 dxc4 4. Bxc4 e6 5. O-O a6 6. Qe2 b5 7. Bb3 Bb7 8. Rd1
Nbd7 9. d4 c5 10. a4 Qb8 11. Nbd2 Bd6 12. axb5 axb5 13. Rxa8 Bxa8 14. dxc5 Bxc5
15. Bc2 O-O 16. Nb3 Bd6 17. Nbd4 b4 18. h3 Rc8 19. Bb1 h6 20. Bd2 Bd5 21. Rc1
Rxc1+ 22. Bxc1 Qa8 23. Bc2 Nc5 24. Qd1 Bf8 25. Bd2 1/2-1/2

[Event "4NCL Division 1d"]
[Site "Telford, ENG"]
[Date "2019.05.06"]
[Round "11.75"]
[White "Mihov, Filip"]
[Black "Stepanyan, Henrik"]
[Result "1-0"]
[WhiteElo "2180"]
[BlackElo "2290"]
[PlyCount "81"]
[EventDate "2019.05.06"]
[WhiteTeam "Oxford 1"]
[BlackTeam "Wood Green Monarchs"]

1. d4 d5 2. c4 e6 3. Nc3 c5 4. cxd5 exd5 5. Nf3 Nc6 6. g3 Nf6 7. Bg2 Be7 8. O-O
O-O 9. Bg5 c4 10. Ne5 Be6 11. e3 Nd7 12. Nxc6 bxc6 13. Bxe7 Qxe7 14. e4 dxe4
15. Bxe4 Rad8 16. Bxc6 Qd6 17. d5 Bh3 18. Re1 f5 19. Nb5 Qb4 20. Qd4 f4 21.
Rac1 Rde8 22. Rxe8 Rxe8 23. Qc3 Qc5 24. gxf4 Re2 25. Nd4 Re4 26. Qxh3 Qxd4 27.
Qxd7 Re2 28. Qc8+ Kf7 29. Qf5+ Kg8 30. Rf1 g6 31. Qc8+ Kg7 32. Qd7+ Kg8 33. Qg4
Re4 34. d6 Rxf4 35. Qe6+ Kg7 36. d7 Kh6 37. Qh3+ Kg5 38. Qe3 Qd6 39. Re1 Kh4
40. d8=Q+ Qxd8 41. Qxf4+ 1-0

[Event "4NCL Division 1d"]
[Site "Telford, ENG"]
[Date "2019.05.06"]
[Round "11.76"]
[White "Srebrnic, Ana"]
[Black "Tyomkyn, Mikhail"]
[Result "0-1"]
[WhiteElo "2173"]
[BlackElo "2138"]
[PlyCount "86"]
[EventDate "2019.05.06"]
[WhiteTeam "Wood Green Monarchs"]
[BlackTeam "Oxford 1"]

1. d4 Nf6 2. Bf4 c5 3. d5 d6 4. Nc3 e5 5. dxe6 Bxe6 6. e4 Nc6 7. Qd2 Qa5 8. Nf3
h6 9. Rd1 Be7 10. Bb5 O-O 11. O-O Nxe4 12. Nxe4 Qxb5 13. Nxd6 Qxb2 14. Rb1 Qxa2
15. Nxb7 Qd5 16. Qe3 Nb4 17. Rfd1 Qxb7 18. c3 Rfd8 19. Rxd8+ Rxd8 20. cxb4 cxb4
21. Ne5 Bf6 22. h3 a5 23. Ng4 Bxg4 24. hxg4 a4 25. g5 Bxg5 26. Bxg5 hxg5 27.
Qxg5 Qd5 28. Qxd5 Rxd5 29. Rxb4 Ra5 30. Rb2 a3 31. Ra2 f5 32. f4 Kf7 33. Kf2
Ke6 34. Ke3 Kd5 35. Kd3 Ra6 36. g3 g6 37. Kd2 Kd4 38. Kc1 Ke3 39. Kb1 Kf3 40.
Rc2 a2+ 41. Ka1 Kxg3 42. Rc4 Kg4 43. Rb4 g5 0-1

[Event "4NCL Division 1d"]
[Site "Telford, ENG"]
[Date "2019.05.06"]
[Round "11.77"]
[White "Dickinson, Tim R"]
[Black "Manelidou, Maria"]
[Result "1-0"]
[WhiteElo "2046"]
[BlackElo "2072"]
[PlyCount "113"]
[EventDate "2019.05.06"]
[WhiteTeam "Oxford 1"]
[BlackTeam "Wood Green Monarchs"]

1. e4 e5 2. Nf3 Nc6 3. Bb5 a6 4. Ba4 d6 5. O-O Bd7 6. c4 g6 7. d4 Bg7 8. d5
Nce7 9. Bxd7+ Qxd7 10. Nc3 h6 11. Ne1 Nf6 12. Nd3 g5 13. Be3 Ng4 14. h3 Nxe3
15. fxe3 O-O 16. g4 c6 17. a4 a5 18. Rc1 Rfc8 19. Qf3 f6 20. b3 Qc7 21. Ne2 Qb6
22. Rb1 Ng6 23. Ng3 Nh4 24. Qf2 cxd5 25. exd5 e4 26. Nxe4 Re8 27. c5 dxc5 28.
Ndxc5 Rad8 29. Rbd1 Re5 30. Nxf6+ Bxf6 31. Qxf6 Qxf6 32. Rxf6 Rdxd5 33. Rxd5
Rxd5 34. Nxb7 Kg7 35. Rd6 Rxd6 36. Nxd6 Nf3+ 37. Kf2 Nd2 38. Nc4 Nxb3 39. e4
Nc5 40. Ke3 Nxa4 41. Kd4 Kf6 42. Nxa5 Nb6 43. Nc4 Nc8 44. Kd5 Ne7+ 45. Kd6 Ng6
46. e5+ Kf7 47. e6+ Ke8 48. Ne5 Nf4 49. e7 h5 50. gxh5 Nxh5 51. Ng4 Ng7 52. Nh6
Nh5 53. Nf5 Kf7 54. Kd7 Nf6+ 55. Kd8 Kg6 56. Ne3 Kf7 57. Ng4 1-0

[Event "4NCL Division 1d"]
[Site "Telford, ENG"]
[Date "2019.05.06"]
[Round "11.78"]
[White "Serbanescu, Diana-Maria"]
[Black "Matta, Francesca"]
[Result "0-1"]
[WhiteElo "2004"]
[BlackElo "1922"]
[PlyCount "62"]
[EventDate "2019.05.06"]
[WhiteTeam "Wood Green Monarchs"]
[BlackTeam "Oxford 1"]

1. e4 c5 2. c3 Qa5 3. Nf3 Nc6 4. Bc4 d6 5. O-O Nf6 6. Ng5 Ne5 7. Qe2 Nxc4 8.
Qxc4 e6 9. Na3 Bd7 10. Qe2 Be7 11. d3 O-O 12. f4 b5 13. e5 Nd5 14. Qh5 h6 15.
Ne4 Qc7 16. Rf3 f5 17. Nxd6 Bxd6 18. exd6 Qxd6 19. Bd2 Bc6 20. Rff1 Nf6 21. Qe2
Rad8 22. Rad1 Rfe8 23. Bc1 e5 24. fxe5 Rxe5 25. Qf2 Ng4 26. Qg3 Re2 27. Rd2
Qxg3 28. hxg3 Rde8 29. Nb1 Bxg2 30. Rfd1 Bh3 31. d4 Re1+ 0-1

[Event "4NCL Division 1d"]
[Site "Telford, ENG"]
[Date "2019.05.06"]
[Round "11.81"]
[White "Rees, Ioan"]
[Black "Czakon, Jakub"]
[Result "0-1"]
[WhiteElo "2290"]
[BlackElo "2468"]
[PlyCount "78"]
[EventDate "2019.05.06"]
[WhiteTeam "West is Best 1"]
[BlackTeam "Grantham Sharks 1"]

1. e4 c5 2. Nf3 d6 3. d4 cxd4 4. Nxd4 Nf6 5. Nc3 a6 6. Bc4 e6 7. Bb3 Nc6 8. Be3
Na5 9. g4 Nxb3 10. axb3 d5 11. e5 Nd7 12. Qe2 Be7 13. f4 O-O 14. O-O Qc7 15.
Rf3 Re8 16. Rh3 Nf8 17. Qf2 Bd7 18. Rf1 Rac8 19. Qg3 f6 20. Rf2 fxe5 21. fxe5
Ng6 22. Rh5 Rf8 23. Qh3 Rxf2 24. Kxf2 Rf8+ 25. Ke1 Bc5 26. Rxh7 Qb6 27. Rxg7+
Kxg7 28. Qh6+ Kf7 29. Qh7+ Ke8 30. Qxg6+ Kd8 31. Qg7 Qb4 32. Ke2 Kc8 33. Na2
Bb5+ 34. c4 Bxc4+ 35. bxc4 Qxb2+ 36. Kd3 Qxa2 37. Nxe6 Qxc4+ 38. Kd2 Bb4+ 39.
Kd1 Rf1# 0-1

[Event "4NCL Division 1d"]
[Site "Telford, ENG"]
[Date "2019.05.06"]
[Round "11.82"]
[White "Ghasi, Ameet K"]
[Black "Toma, Katarzyna"]
[Result "1/2-1/2"]
[WhiteElo "2499"]
[BlackElo "2211"]
[PlyCount "61"]
[EventDate "2019.05.06"]
[WhiteTeam "Grantham Sharks 1"]
[BlackTeam "West is Best 1"]

1. c4 Nf6 2. Nf3 g6 3. g3 Bg7 4. Bg2 d5 5. O-O O-O 6. Na3 Nc6 7. d4 dxc4 8.
Nxc4 Be6 9. b3 a5 10. Bb2 Bd5 11. Ne3 Be4 12. a3 Qc8 13. Nc4 Rd8 14. e3 Bd5 15.
Rc1 h6 16. Re1 Ne4 17. Qc2 Qe6 18. Re2 Rac8 19. Ne1 b6 20. Nd3 g5 21. f3 Nd6
22. a4 Qg6 23. Qd1 Nb7 24. Rd2 Be6 25. Na3 Nb4 26. Nxb4 axb4 27. Nc4 Bxc4 28.
bxc4 c5 29. d5 Bxb2 30. Rxb2 e5 31. Bh3 1/2-1/2

[Event "4NCL Division 1d"]
[Site "Telford, ENG"]
[Date "2019.05.06"]
[Round "11.83"]
[White "Cooper, John G"]
[Black "Roberson, Peter T"]
[Result "0-1"]
[WhiteElo "2250"]
[BlackElo "2433"]
[PlyCount "102"]
[EventDate "2019.05.06"]
[WhiteTeam "West is Best 1"]
[BlackTeam "Grantham Sharks 1"]

1. c4 c5 2. g3 Nc6 3. Bg2 g6 4. Nc3 Bg7 5. Nf3 e6 6. O-O Nge7 7. d3 O-O 8. Bg5
h6 9. Bd2 d5 10. Rb1 b6 11. Qc1 Kh7 12. a3 d4 13. Na4 a5 14. Qc2 Bd7 15. e3 Nf5
16. e4 Nd6 17. e5 Nf5 18. Rfe1 Qc7 19. g4 Nfe7 20. Bf4 g5 21. Bg3 Ng6 22. Qe2
Rae8 23. b3 Qd8 24. h4 gxh4 25. Bh2 f5 26. exf6 Bxf6 27. Nd2 Be5 28. Be4 Bxh2+
29. Kxh2 Rf4 30. g5 Ref8 31. Qh5 Rxf2+ 32. Kh1 Qxg5 33. Bxg6+ Qxg6 34. Qxg6+
Kxg6 35. Nxb6 Rxd2 36. Nxd7 Rff2 37. Rxe6+ Kf7 38. Rxc6 Rh2+ 39. Kg1 Rdg2+ 40.
Kf1 h3 41. Rf6+ Kg7 42. Ke1 Rg1+ 43. Rf1 Rxf1+ 44. Kxf1 Rh1+ 45. Kf2 Rxb1 46.
Kg3 Rxb3 47. Nxc5 Rxa3 48. Kxh3 a4 49. Kg4 Kf7 50. Kf5 Ra1 51. Ke5 a3 0-1

[Event "4NCL Division 1d"]
[Site "Telford, ENG"]
[Date "2019.05.06"]
[Round "11.84"]
[White "Rendle, Thomas E"]
[Black "Jones, Steven A"]
[Result "1/2-1/2"]
[WhiteElo "2376"]
[BlackElo "2152"]
[PlyCount "59"]
[EventDate "2019.05.06"]
[WhiteTeam "Grantham Sharks 1"]
[BlackTeam "West is Best 1"]

1. e4 c5 2. Nc3 g6 3. f4 Nc6 4. Nf3 d6 5. Bb5 Bd7 6. O-O Bg7 7. Bc4 Na5 8. Be2
Nc6 9. Nd5 e6 10. Ne3 Nge7 11. d3 Nd4 12. c3 Nxe2+ 13. Qxe2 O-O 14. Bd2 b5 15.
Qf2 e5 16. f5 gxf5 17. exf5 Nxf5 18. Nxf5 Bxf5 19. Nxe5 Bg6 20. Nxg6 fxg6 21.
Qe2 Qd7 22. Rae1 Rxf1+ 23. Qxf1 Rf8 24. Qe2 Qf7 25. Qe6 Be5 26. Qxf7+ Rxf7 27.
Re4 Re7 28. g3 d5 29. Re1 Bd6 30. Rxe7 1/2-1/2

[Event "4NCL Division 1d"]
[Site "Telford, ENG"]
[Date "2019.05.06"]
[Round "11.85"]
[White "Redmond, John P"]
[Black "Batchelor, Peter J"]
[Result "0-1"]
[WhiteElo "2192"]
[BlackElo "2309"]
[PlyCount "108"]
[EventDate "2019.05.06"]
[WhiteTeam "West is Best 1"]
[BlackTeam "Grantham Sharks 1"]

1. Nf3 Nf6 2. c4 b6 3. g3 Bb7 4. Bg2 c5 5. O-O g6 6. Nc3 Bg7 7. d4 cxd4 8. Qxd4
Nc6 9. Qf4 O-O 10. Bd2 Rc8 11. Qh4 Na5 12. b3 d5 13. Rad1 dxc4 14. Bh6 Qe8 15.
b4 Bxf3 16. Bxf3 Bxh6 17. Qxh6 Nc6 18. b5 Ne5 19. Rd4 Rc5 20. Rfd1 Qc8 21. Bg2
Neg4 22. Qd2 Qf5 23. Rf4 Qg5 24. h3 Ne5 25. Qb2 Rfc8 26. Rfd4 Qh6 27. f4 Neg4
28. Rd8+ Kg7 29. Rxc8 Rxc8 30. Qd2 e5 31. Rf1 exf4 32. hxg4 Nxg4 33. Qd4+ Kg8
34. Rxf4 Qh2+ 35. Kf1 h5 36. Ne4 c3 37. Rxg4 hxg4 38. Nf6+ Kf8 39. Nd7+ Kg8 40.
Nf6+ Kf8 41. Qd6+ Kg7 42. Qe5 c2 43. Ne8+ Kf8 44. Qg7+ Ke7 45. Qe5+ Kd8 46.
Qd6+ Kxe8 47. Bc6+ Rxc6 48. Qxc6+ Kf8 49. Qc8+ Kg7 50. Qc3+ Kh7 51. Qxc2 Qxg3
52. Qc4 Kg8 53. Qc8+ Kg7 54. Qd7 Qf4+ 0-1

[Event "4NCL Division 1d"]
[Site "Telford, ENG"]
[Date "2019.05.06"]
[Round "11.86"]
[White "Daskalov, Dimitar"]
[Black "Mihalik, Agoston"]
[Result "1/2-1/2"]
[WhiteElo "2318"]
[BlackElo "2203"]
[PlyCount "69"]
[EventDate "2019.05.06"]
[WhiteTeam "Grantham Sharks 1"]
[BlackTeam "West is Best 1"]

1. e4 c5 2. Nc3 a6 3. Nf3 d6 4. d4 cxd4 5. Nxd4 Nf6 6. Be3 e6 7. f3 b5 8. Qd2
Nbd7 9. g4 b4 10. Na4 h6 11. O-O-O Qc7 12. Be2 d5 13. Rhe1 Nc5 14. Nxc5 Bxc5
15. e5 Qxe5 16. Bf4 Qxd4 17. Qxd4 Bxd4 18. Rxd4 a5 19. h4 Bb7 20. g5 hxg5 21.
hxg5 Nd7 22. Bd6 g6 23. Bb5 Kd8 24. Rdd1 Ba6 25. Rh1 Rh5 26. Rxh5 gxh5 27. Bxa6
Rxa6 28. Bg3 a4 29. Rh1 b3 30. Kb1 bxc2+ 31. Kxc2 Rc6+ 32. Kd2 Rb6 33. Kc2 Rc6+
34. Kd2 Rb6 35. Kc2 1/2-1/2

[Event "4NCL Division 1d"]
[Site "Telford, ENG"]
[Date "2019.05.06"]
[Round "11.87"]
[White "Kett, Tim"]
[Black "Dong, Bao Nghia"]
[Result "1-0"]
[WhiteElo "2197"]
[BlackElo "2240"]
[PlyCount "65"]
[EventDate "2019.05.06"]
[WhiteTeam "West is Best 1"]
[BlackTeam "Grantham Sharks 1"]

1. e4 e6 2. d4 d5 3. Nc3 dxe4 4. Nxe4 Bd7 5. Nf3 Bc6 6. Bd3 Nd7 7. O-O Ngf6 8.
Qe2 Be7 9. Bf4 Nd5 10. Bd2 Nb4 11. Bxb4 Bxb4 12. Rad1 Qe7 13. Bb5 Bxe4 14.
Bxd7+ Qxd7 15. Qxe4 Qd5 16. Qe2 b5 17. b3 Bc3 18. Rd3 b4 19. Re3 O-O 20. Re5
Qd6 21. Rd1 Rfd8 22. Rd3 Qa6 23. Qe4 h6 24. g4 Qxa2 25. Rd1 Rac8 26. g5 c5 27.
gxh6 Bxd4 28. Rxe6 gxh6 29. Rxh6 Bg7 30. Rxd8+ Rxd8 31. Ng5 Qa1+ 32. Kg2 Qd4
33. Rh8+ 1-0

[Event "4NCL Division 1d"]
[Site "Telford, ENG"]
[Date "2019.05.06"]
[Round "11.88"]
[White "Foisor, Mihaela-Veronica"]
[Black "Zeidler, Sven P"]
[Result "1-0"]
[WhiteElo "2217"]
[BlackElo "2168"]
[PlyCount "105"]
[EventDate "2019.05.06"]
[WhiteTeam "Grantham Sharks 1"]
[BlackTeam "West is Best 1"]

1. c4 f5 2. g3 Nf6 3. Bg2 g6 4. Nc3 Bg7 5. d3 d6 6. e4 Nc6 7. Nge2 O-O 8. f3 e5
9. Be3 Be6 10. Nd5 Qd7 11. Qd2 Nd8 12. Rc1 Nh5 13. b3 c6 14. Ndc3 Nf6 15. O-O
d5 16. cxd5 cxd5 17. d4 exd4 18. Nxd4 dxe4 19. fxe4 fxe4 20. Nxe4 Nxe4 21.
Rxf8+ Bxf8 22. Bxe4 Bh3 23. Nf3 Qxd2 24. Bxd2 Rc8 25. Ng5 Rxc1+ 26. Bxc1 Bd7
27. Bd5+ Kh8 28. Be3 b6 29. a4 h6 30. Ne4 Bc6 31. Nc3 Bxd5 32. Nxd5 Nc6 33. Nc7
h5 34. Nb5 Kg8 35. Kf2 Kf7 36. Kf3 Ke6 37. Ke4 Bg7 38. Nc7+ Kd7 39. Nd5 Kd6 40.
Nf4 Ne7 41. Bc1 Bh6 42. Ba3+ Kd7 43. Bxe7 Bxf4 44. gxf4 Kxe7 45. Ke5 a6 46. b4
h4 47. f5 a5 48. bxa5 bxa5 49. fxg6 Kf8 50. h3 Kg7 51. Kf5 Kg8 52. Kg4 Kg7 53.
Kg5 1-0

[Event "4NCL Division 1d"]
[Site "Telford, ENG"]
[Date "2019.03.17"]
[Round "8.51"]
[White "Roberson, Peter T"]
[Black "Sreeves, Clement"]
[Result "1-0"]
[WhiteElo "2428"]
[BlackElo "2357"]
[PlyCount "113"]
[EventDate "2019.03.17"]
[WhiteTeam "Grantham Sharks 1"]
[BlackTeam "Alba"]

1. e4 e5 2. Nf3 Nc6 3. Bb5 a6 4. Ba4 Nf6 5. O-O Be7 6. Re1 b5 7. Bb3 d6 8. c3
O-O 9. h3 Na5 10. Bc2 c5 11. d4 Qc7 12. Nbd2 Bd7 13. Nf1 Nc4 14. Ng3 g6 15. b3
Nb6 16. Bh6 Rfe8 17. Qd2 cxd4 18. cxd4 Rac8 19. Rac1 Qc3 20. Qxc3 Rxc3 21. Bd2
Rcc8 22. Ba5 Na8 23. dxe5 dxe5 24. Nxe5 Ba3 25. Nxd7 Nxd7 26. Rcd1 Ne5 27. Re2
Nc6 28. Bc3 Nb4 29. Bxb4 Bxb4 30. e5 Red8 31. Rxd8+ Rxd8 32. Ne4 Nc7 33. Nf6+
Kg7 34. Be4 Rd1+ 35. Kh2 Bc3 36. f4 h5 37. g3 h4 38. gxh4 Ne6 39. Kg3 Rg1+ 40.
Rg2 Rf1 41. Nd5 Bd4 42. Bf3 Kh6 43. Rd2 Ba7 44. Bg2 Rc1 45. Kf3 Re1 46. Kg4 Ng7
47. Nf6 Nf5 48. Rd7 Re3 49. Bf3 Re1 50. Rxa7 Rg1+ 51. Bg2 Rxg2+ 52. Kf3 Nxh4+
53. Ke4 Re2+ 54. Kd3 Rxa2 55. e6 Nf5 56. exf7 Kg7 57. Nh7 1-0